| 000 | 01854nam a2200277 a 4500 | ||
|---|---|---|---|
| 005 | 20180803165335.0 | ||
| 008 | 140128b2004 ck ||||| |||| 00| 0 spa d | ||
| 041 | _aspa | ||
| 090 |
_aIAVH _b00765 |
||
| 110 |
_bFundación Humedales _93338 |
||
| 245 |
_aCaracterización biofísica, ecológica y sociocultural del complejo humedales del Valle de Ubaté Fúquene, Cucunubá y Palacio _buna contribución a la definición de escenarios y objetivos de manejo para la conservación de la biodiversidad |
||
| 260 |
_aBogotá _bFundación Humedales _bInstituto Alexander von Humboldt _c2004 |
||
| 300 | _a215 p. | ||
| 520 | _aEste documento reune los resultados del proyecto Conservación y Uso Sostenible de la Biodiversidad en los Andes colombianos, el cual refiere a un mayor conocimiento directo del estado actual de los valores de la biodiversidad de la laguna y su complejo de humedales, una interpretación con enfoque de ecosistema, del conjunto de la información anteriormente producida, una visión para la laguna, y una identificación de prioridades y urgencia de acción en materia de conservación de la biodiversidad y manejo ambiental. Estas últimas se presentan como una contribución al proceso de formulación del Plan de Manejo de la laguna, actualmente promovido por la CAR, y la definición de fases de acción subsiguientes en el marco del mencionado proyecto de biodiversidad. | ||
| 650 |
_aConservación _992401 |
||
| 650 |
_aBiodiversidad _992204 |
||
| 650 |
_aCaracterización biológica _92833 |
||
| 650 |
_aHumedales _992440 |
||
| 650 |
_aManejo ambiental _91309 |
||
| 650 |
_aRecursos hídricos _992528 |
||
| 662 |
_aColombia _cValle de Ubaté _bCundinamarca |
||
| 662 |
_aColombia _dFúquene _bCundinamarca |
||
| 662 |
_aColombia _dCucunubá _bCundinamarca |
||
| 662 |
_aColombia _dPalacio _bCundinamarca |
||
| 942 |
_cCD-ROM _2z |
||
| 999 |
_c6057 _d6057 |
||